| 000 | 00955cam a2200289 a 4500 | ||
|---|---|---|---|
| 001 | 30272 | ||
| 003 | BD-RjUL | ||
| 005 | 20211209051534.0 | ||
| 008 | 140409s1984 ii cf b 010 0 eng d | ||
| 035 | _a(BD-RjUL) 30357 | ||
| 040 |
_aDLC _cDLC _dDLC _dBD-RjUL _beng |
||
| 041 | _aeng | ||
| 082 | 0 | 0 |
_a100 _219 _bRAT 1984 |
| 245 | 0 | 0 |
_aRationality and philosophy : _bessays in honour of Ramachandra Pandeya / _cedited by V.K. Bharadwaja. |
| 260 |
_aDelhi : _bIndian Bibliographies Bureau and Northern Book Centre, New Delhi, _cc1984. |
||
| 300 |
_ax, 235 p., [1] leaf of plates : _bport. ; _c23 cm. |
||
| 504 | _aIncludes bibliographies. | ||
| 600 | 1 | 0 |
_aPandeya, Ram Chandra. _992053 |
| 650 | 0 |
_aPhilosophy. _992041 |
|
| 650 | 0 |
_aPhilosophy, Indic. _992042 |
|
| 650 | 0 |
_aRationalism. _992043 |
|
| 700 | 1 |
_aPandeya, Ram Chandra. _992044 |
|
| 700 | 1 |
_aBharadwaja, V. K. _992045 |
|
| 942 |
_2ddc _cBK |
||
| 999 |
_c30272 _d30272 |
||